Fr. Conceicao Rodrigues College of Engineering

Essential of UMTS (Record no. 21974)

MARC details
000 -LEADER
fixed length control field 00350nam a2200169Ia 4500
082 ## - DEWEY DECIMAL CLASSIFICATION NUMBER
Classification number 384
Item number COX
100 ## - MAIN ENTRY--PERSONAL NAME
Personal name Cox/Christopher
245 ## - TITLE STATEMENT
Title Essential of UMTS
260 ## - PUBLICATION, DISTRIBUTION, ETC.
Name of publisher, distributor, etc. Cambride University press
Date of publication, distribution, etc. 2008
366 ## - TRADE AVAILABILITY INFORMATION
Publishers's discount category 25
300 ## - PHYSICAL DESCRIPTION
Extent 240
546 ## - LANGUAGE NOTE
Language note ENGLISH
-- electronics
650 ## - SUBJECT ADDED ENTRY--TOPICAL TERM
Topical term or geographic name entry element UMTS
654 ## - SUBJECT ADDED ENTRY--FACETED TOPICAL TERMS
Focus term UMTS
942 ## - ADDED ENTRY ELEMENTS (KOHA)
Koha item type Reference Book
Holdings
Withdrawn status Lost status Damaged status Not for loan Collection Home library Current library Date acquired Source of acquisition Cost, normal purchase price Inventory number Total Checkouts Full call number Barcode Date last seen Cost, replacement price Price effective from Koha item type
        CRC Fr. Agnel's C.Rodrigues College of Engineering Fr. Agnel's C.Rodrigues College of Engineering 17/03/2023 DHARMA ENTERPRICE 1954.80 524 dt 29/04/2010   384 COX 20537 17/03/2023 2606.40   Reference Book